[Event "Spring"]
[Site "Alushta UKR"]
[Date "2001.03.08"]
[Round "?"]
[White "Losev,D"]
[Black "Rogovski,V"]
[Result "1-0"]
[WhiteElo "2396"]
[BlackElo "2446"]

1.e4 c5 2.Nf3 e6 3.d4 cxd4 4.Nxd4 Nc6 5.Nc3 Qc7 6.Be2 Nf6 7.O-O a6 8.Kh1 Bb4
9.f4 Bxc3 10.bxc3 Nxe4 11.Nxc6 dxc6 12.Qd4 f5 13.Bh5+ Kf8 14.Rd1  1-0

[Event "Bundesliga 2000-1"]
[Site "Tegernsee GER"]
[Date "2001.03.10"]
[Round "10"]
[White "Balcerak,J"]
[Black "Bischoff,K"]
[Result "0-1"]
[WhiteElo "2431"]
[BlackElo "2552"]

1.e4 c5 2.Nf3 e6 3.d4 cxd4 4.Nxd4 Nc6 5.Nc3 Qc7 6.Be2 a6 7.O-O Nf6 8.Kh1 Be7
9.f4 d6 10.Be3 O-O 11.a4 Nxd4 12.Qxd4 Bd7 13.Rad1 Bc6 14.Bf3 Rac8 15.Rd2 Nd7
16.Qc4 Rfe8 17.Rfd1 Bf8 18.Bf2 Qd8 19.Qa2 b5 20.axb5 axb5 21.Qb3 Qa5 22.Ne2 Qa8
23.Qe3 Nf6 24.Ng3 b4 25.Re1 Qb7 26.Qa7 Qxa7 27.Bxa7 Ra8 28.Be3 Rec8 29.Bd4 Nd7
30.Be2 g6 31.Bd3 h5 32.Kg1 Ra5 33.Rde2 Bh6 34.f5 Ne5 35.fxe6 fxe6 36.Nf1 Bg7
37.Be3 Ra2 38.Bc1 Nxd3 39.cxd3 Bb5 40.Rd1 Ra1 41.Ree1 Ba4  0-1

[Event "Bundesliga 2000-1"]
[Site "Hamburg GER"]
[Date "2001.03.11"]
[Round "11"]
[White "Shirov,A"]
[Black "Lutz,C"]
[Result "1/2-1/2"]
[WhiteElo "2718"]
[BlackElo "2609"]

1.e4 c5 2.Nf3 e6 3.d4 cxd4 4.Nxd4 Nc6 5.Nc3 Qc7 6.Be2 a6 7.O-O Nf6 8.Be3 Bb4
9.Na4 Be7 10.Nxc6 bxc6 11.Nb6 Rb8 12.Nxc8 Qxc8 13.Bd4 c5 14.Be5 Rb6 15.Qd3 d6
16.Bc3 O-O 17.b3 d5 18.exd5 Nxd5 19.Be5 Bf6 20.Bxf6 Nxf6 21.Rad1 Qc7 22.a4 h6
23.Qd2 Nd5 24.a5 Rb4 25.Bxa6 Qxa5 26.Bc4 Qc7 27.Qd3 Nf6 28.f4 Rbb8 29.Rde1 Rbd8
30.Qf3 g6 31.Re2 Rd4 32.c3 Rd7 33.g4 Rfd8 34.Rff2 Kg7 35.Kg2 h5 36.h3 hxg4
37.hxg4 Rh8 38.Kg3 Rd1 39.Rh2 Rg1+ 40.Reg2 Rxg2+ 41.Kxg2 Rxh2+ 42.Kxh2 g5
43.Kh3 gxf4 44.g5 Nh7 45.Kg4 f5+ 46.Kh5 Nf8 47.g6 Kf6 48.Qg2 f3 49.Qd2 f2
50.Qg5+ Kg7 51.Qh6+ Kg8 52.Qg5 Qh2+ 53.Qh4 Qg2 54.Qf6 Qg4+ 55.Kh6 Qh3+ 56.Kg5 Qg3+
57.Kh6 Qh3+ 58.Kg5 Qe3+ 59.Kh5 Qf3+ 60.Kh6 Qf4+ 61.Kh5 Qg4+ 62.Kh6 Qh3+  1/2-1/2

[Event "Tch-AUT 2000-01"]
[Site "Fuerstenfeld AUT"]
[Date "2001.03.16"]
[Round "9"]
[White "Luther,T"]
[Black "Baumegger,S"]
[Result "1/2-1/2"]
[WhiteElo "2544"]
[BlackElo "2393"]

1.e4 c5 2.Nf3 Nc6 3.d4 cxd4 4.Nxd4 e6 5.Nc3 Qc7 6.Be3 a6 7.Be2 b5 8.Nxc6 Qxc6
9.a3 Bb7 10.f4 Bc5 11.Qd3 Ne7 12.Bf3 Bxe3 13.Qxe3 Qc7 14.O-O O-O 15.Rad1 Rad8
16.Rf2 Nc8 17.Rfd2 Nb6 18.b3 f5 19.e5 Bxf3 20.Qxf3 Qc5+ 21.Kh1 Qxa3 22.Qe3 Rb8
23.Rd6 Qa5 24.Ne2 Nd5 25.Qa7 Rfd8 26.Rxd7 Rxd7 27.Qxd7 Qb6 28.Rxd5 exd5 29.e6 Qb7
30.Qd6 Re8 31.Nd4 g6 32.Nc6 Qg7 33.h3 Qf6 34.Ne5  1/2-1/2

[Event "Tch-AUT 2000-01"]
[Site "Fuerstenfeld AUT"]
[Date "2001.03.17"]
[Round "10"]
[White "Weinzettl,E"]
[Black "Meyer,Pe"]
[Result "0-1"]
[WhiteElo "2412"]
[BlackElo "2359"]

1.e4 c5 2.Nf3 Nc6 3.Nc3 e6 4.d4 cxd4 5.Nxd4 Qc7 6.f4 a6 7.Nxc6 bxc6 8.Bd3 d5
9.O-O Nf6 10.Kh1 Be7 11.Qe2 O-O 12.e5 Nd7 13.Na4 f5 14.exf6 Nxf6 15.c4 c5
16.Nc3 Kh8 17.Bd2 Bd6 18.Rae1 Bd7 19.Bc2 Rae8 20.Qd3 d4 21.Ne4 Nxe4 22.Qxe4 g6
23.b4 Bc6 24.Qd3 Bxf4 25.bxc5 Be5 26.Qh3 Rxf1+ 27.Rxf1 Kg8 28.Bh6 Bg7 29.Bxg7 Qxg7
30.Qg4 Qe5 31.Rd1 Rf8 32.Bxg6 Rf4 33.Qg3 hxg6 34.Qxg6+ Kf8 35.Qh6+ Kf7 36.Qh7+ Qg7
37.Qh5+ Qg6 38.Qe2 e5 39.Re1 Rg4 40.Rg1 e4  0-1

[Event "17th Spring Festival"]
[Site "Budapest HUN"]
[Date "2001.03.18"]
[Round "3"]
[White "Vass,V"]
[Black "Somogyi,I"]
[Result "1/2-1/2"]
[WhiteElo "2158"]
[BlackElo "2253"]

1.e4 c5 2.Nf3 e6 3.d4 cxd4 4.Nxd4 Nc6 5.Nc3 Qc7 6.Be2 a6 7.O-O Nf6 8.Be3 Bb4
9.Na4 Be7 10.Nxc6 bxc6 11.Nb6 Rb8 12.Nxc8 Qxc8 13.e5 Nd5 14.Bd4 c5 15.c4 cxd4
16.cxd5 Rxb2 17.Rc1 Qb7 18.dxe6 fxe6 19.Bf3 Qb6 20.Rc8+ Bd8 21.Be4 O-O 22.Qh5 g6
23.Bxg6  1/2-1/2

[Event "Rapidplay Match"]
[Site "Cannes FRA"]
[Date "2001.03.18"]
[Round "1"]
[White "Adams,Mi"]
[Black "Tkachiev,V"]
[Result "1/2-1/2"]
[WhiteElo "2746"]
[BlackElo "2672"]

1.e4 c5 2.Nf3 e6 3.Nc3 Nc6 4.d4 cxd4 5.Nxd4 Qc7 6.f4 a6 7.Nxc6 bxc6 8.e5 d5
9.exd6 Bxd6 10.Qg4 g6 11.Ne4 Bb4+ 12.c3 Be7 13.Qf3 Bb7 14.Bd3 c5 15.Qe2 Nf6
16.Nxf6+ Bxf6 17.O-O O-O 18.Be3 Rfd8 19.Bc4 Bd5 20.Rad1 Qc6 21.Bxd5 exd5
22.Qf3 Rac8 23.f5 d4 24.cxd4 Qxf3 25.Rxf3 Bxd4 26.Bxd4 Rxd4 27.Rfd3 Rxd3
28.Rxd3 gxf5 29.Kf2 Kg7 30.Ke3 Re8+ 31.Kf3 c4 32.Rc3 Rb8 33.Rc2 Kf6 34.Rxc4 Rxb2
35.Rc6+ Kg5 36.Rxa6 h5 37.h3 Rc2 38.Ra8 Rc3+ 39.Kf2 Rc2+ 40.Kf3 Rc3+  1/2-1/2

[Event "Czech Extra League 2000-1"]
[Site "CZE"]
[Date "2001.03.18"]
[Round "9"]
[White "Movsesian,S"]
[Black "Stocek,J"]
[Result "1-0"]
[WhiteElo "2661"]
[BlackElo "2537"]

1.e4 c5 2.Nf3 e6 3.d4 cxd4 4.Nxd4 Nc6 5.Nc3 Nf6 6.Nxc6 bxc6 7.e5 Nd5 8.Ne4 Ba6
9.c4 Bb4+ 10.Bd2 Qh4 11.Qf3 f5 12.Nd6+ Bxd6 13.cxd5 Bxf1 14.exd6 Bb5 15.dxe6 O-O
16.exd7 Rad8 17.O-O-O Qc4+ 18.Bc3 Qxa2 19.Rhe1 Rxd7 20.Re7 Rfd8 21.Rde1 Qa1+
22.Kc2 Qa2 23.Re8+ Rxe8 24.Rxe8+ Kf7 25.Qh5+ g6 26.Re7+ Kf8 27.Qh6+  1-0

[Event "Tch-AUT 2000-01"]
[Site "Fuerstenfeld AUT"]
[Date "2001.03.18"]
[Round "11"]
[White "Wach,M"]
[Black "Horvath,Ad"]
[Result "1/2-1/2"]
[WhiteElo "2381"]
[BlackElo "2478"]

1.e4 c5 2.Nf3 e6 3.d4 cxd4 4.Nxd4 Nc6 5.Nc3 Qc7 6.Be2 a6 7.O-O Nf6 8.Be3 Bb4
9.Na4 Be7 10.Nxc6 bxc6 11.Nb6 Rb8 12.Nxc8 Qxc8 13.e5 Nd5 14.Bc1 Bc5 15.c4 Ne7
16.b3 Qc7 17.Bb2 O-O 18.Bd3 Ng6 19.Qc2 Kh8 20.Rae1 a5 21.Kh1 Qb6 22.Bc3 Bd4
23.Bxd4 Qxd4 24.Bxg6 hxg6 25.Re4 Qc5 26.Qd3 Kg8 27.Qg3 a4 28.Rh4 axb3 29.axb3 Qb4
30.Rh3 Qd2 31.Qh4 Qh6 32.Qd4 Qg5 33.f4 Qf5 34.Qxd7 Rfd8 35.Qe7 Rd2 36.Qh4 Qh5
37.Qe1 Qe2 38.Qxe2 Rxe2 39.Rd1 Rb2 40.Kg1 R2xb3 41.Rxb3 Rxb3 42.Rd8+ Kh7
43.Rc8 g5 44.fxg5 Re3 45.Rxc6 Rxe5 46.h4 Re4 47.g3 Re2 48.Kf1 Rc2 49.h5 Rh2
50.g6+ fxg6 51.hxg6+ Kxg6 52.Rxe6+ Kf5 53.Re2 Rh1+ 54.Kg2 Rc1 55.Rf2+ Ke5
56.Rf7 Rxc4 57.Rxg7 Kf6 58.Rb7 Kg5 59.Kh3 Kg6 60.Rb6+ Kg5  1/2-1/2

[Event "Tch-AUT 2000-01"]
[Site "Fuerstenfeld AUT"]
[Date "2001.03.18"]
[Round "11"]
[White "Steflitsch,E"]
[Black "Baumegger,S"]
[Result "1-0"]
[WhiteElo "2365"]
[BlackElo "2393"]

1.e4 c5 2.Nf3 Nc6 3.d4 cxd4 4.Nxd4 e6 5.Nc3 Qc7 6.Be2 a6 7.f4 b5 8.Nxc6 Qxc6
9.Bf3 Bb7 10.e5 Qc7 11.Ne4 Nh6 12.Be3 Nf5 13.Bf2 Be7 14.O-O Rd8 15.g4 d5
16.Ng5 Bxg5 17.fxg5 Ne7 18.Bd4 Nc6 19.Bg2 Qe7 20.h4 h6 21.c3 hxg5 22.h5 Nxd4
23.cxd4 O-O 24.Qd2 f5 25.Bh3 f4 26.Rf3 g6 27.hxg6 Kg7 28.Rc1 Rc8 29.Bf1 Rxc1
30.Qxc1 Rc8 31.Qd2 Rb8 32.Rc3 Rc8 33.Qh2 Rh8 34.Qc2 Rd8 35.Rc7 Rd7 36.Qh2 Kg8
37.Rc5 Rc7 38.b4 Rxc5 39.bxc5 Bc6 40.Qh6 Be8 41.g7 Qxg7 42.Qxe6+ Qf7 43.Qxa6 b4
44.Bd3 Qd7 45.Bf5 Qc6 46.Qa7 Qh6 47.Qe7  1-0

[Event "Amber Blindfold"]
[Site "Monaco MNC"]
[Date "2001.03.18"]
[Round "2"]
[White "Anand,V"]
[Black "Ljubojevic,L"]
[Result "0-1"]
[WhiteElo "2790"]
[BlackElo "2566"]

1.e4 c5 2.Nf3 e6 3.d4 cxd4 4.Nxd4 Nc6 5.Nc3 Qc7 6.Be2 a6 7.O-O Nf6 8.Be3 Be7
9.f4 d6 10.Qe1 O-O 11.Qg3 Bd7 12.Rad1 Kh8 13.Nf3 Nb4 14.Rd2 d5 15.e5 Ne4
16.Nxe4 dxe4 17.Ng5 Bc6 18.Bh5 Nd5 19.Nxf7+ Rxf7 20.Bxf7 Nxe3 21.Qxe3 Bb5
22.c4 Bc5 23.Rd4 Bxc4 24.Rc1 b5 25.Bxe6 Qa7  0-1

[Event "1st Masters"]
[Site "Pinamar ARG"]
[Date "2001.03.18"]
[Round "11"]
[White "Ricardi,P"]
[Black "Andersson,U"]
[Result "1/2-1/2"]
[WhiteElo "2554"]
[BlackElo "2640"]

1.e4 c5 2.Nf3 e6 3.d4 cxd4 4.Nxd4 Nc6 5.Nc3 a6 6.Be2 Qc7 7.O-O Nf6 8.Kh1 Nxd4
9.Qxd4 Bc5 10.Qd3 b5 11.f4 Bb7 12.Bf3 O-O 13.e5 Ne8 14.a4 b4 15.Bxb7 Qxb7
16.Ne4 Be7 17.Be3 Qc6 18.Rad1 d5 19.Ng3 g6 20.f5 exf5 21.Bh6 Ng7 22.Ne2 Bc5
23.Qf3 Rfe8 24.Nf4 Rxe5 25.Nxd5 Rc8 26.c4 Bf8 27.b3 a5 28.Bc1 Ne8 29.h3 Qe6
30.Nf4 Qe7 31.Nd5 Qe6 32.Nf4 Qe7 33.Nd5  1/2-1/2

[Event "TCh-SVK"]
[Site "SVK"]
[Date "2001.03.18"]
[Round "11"]
[White "Svoboda,S"]
[Black "Krajnak,R"]
[Result "1-0"]
[WhiteElo "2172"]
[BlackElo "2187"]

1.e4 c5 2.Nf3 e6 3.d4 cxd4 4.Nxd4 Nc6 5.Nc3 d6 6.Be2 Bd7 7.Ndb5 Qb8 8.Bf4 Ne5
9.Qd4 a6 10.Nxd6+ Bxd6 11.Rd1 Nd3+ 12.Rxd3 Bxf4 13.Qxd7+ Kf8 14.g3 Nf6 15.Qd4 Bc7
16.f4 e5 17.Qc5+ Kg8 18.Nd5 Nxd5 19.Rxd5 b5 20.fxe5 h5 21.Rf1 h4 22.Bg4 Rh6
23.c3 hxg3 24.hxg3 Rg6 25.Bh5 Bb6 26.Qe7 Rh6 27.Rd6 Qf8 28.Bxf7+ Kh8 29.Rxh6+ gxh6
30.Qf6+ Qg7 31.Qxb6 Qxg3+ 32.Qf2 Qxe5 33.Qd4 Qxd4  1-0

[Event "17th Spring Festival"]
[Site "Budapest HUN"]
[Date "2001.03.19"]
[Round "4"]
[White "Bokros,I"]
[Black "Erdelyi,Z"]
[Result "1/2-1/2"]
[WhiteElo "2111"]
[BlackElo "2244"]

1.e4 c5 2.Nf3 e6 3.d4 cxd4 4.Nxd4 Nc6 5.Nc3 Qc7 6.Be3 a6 7.Bd3 Nf6 8.O-O Ne5
9.h3 Bc5 10.Kh1 d6 11.f4 Ned7 12.Qe1 O-O 13.Qh4 b5 14.Rae1 Bb7 15.f5 e5 16.Nb3 Bxe3
17.Rxe3 b4 18.Ne2 d5 19.exd5 Bxd5 20.Ng3 a5 21.Ne4 Nxe4 22.Bxe4 Bxe4 23.Rxe4 Nf6
24.Rc4 Qd6 25.Qf2 Qa6 26.Nd2 Rad8 27.b3 Qb7 28.Qf3 Qxf3 29.Nxf3 e4 30.Nd4 e3
31.Re1 Rfe8 32.g4 h5 33.g5 Ne4 34.g6 fxg6 35.fxg6 Nd2 36.Nc6 Rd6 37.Rd4 Rxc6
38.Rxd2 Rxg6 39.Rd5 e2 40.Rxh5 Rc6 41.Rxa5 Rxc2 42.Kg1 Rd8 43.Re5 Rxa2 44.Kf2 Rd3
45.h4 Rxb3 46.R1xe2 Rxe2+ 47.Kxe2 Rh3 48.Re4 b3 49.Kd2 Kh7 50.Rd4 Kh6 51.Kc1 Rh2
52.Kb1 g6 53.Kc1 Kg7 54.Kb1 Kf6 55.Kc1 Rf2 56.Kb1 Rf5 57.Kb2 Rb5 58.Rf4+ Kg7
59.Rg4 Kh6 60.Re4 Kh5 61.Rd4 Rf5 62.Kxb3 Rf3+ 63.Kc2 Rh3 64.Kd1 Rxh4 65.Rd5+ g5
66.Ke2 Rf4 67.Rd1 g4 68.Rf1 Ra4 69.Kf2 Kh4 70.Rh1+ Kg5 71.Rh8 Ra2+ 72.Kg3 Ra3+
73.Kg2  1/2-1/2

[Event "Amber Rapidplay"]
[Site "Monaco MNC"]
[Date "2001.03.19"]
[Round "3"]
[White "Ivanchuk,V"]
[Black "Ljubojevic,L"]
[Result "1/2-1/2"]
[WhiteElo "2717"]
[BlackElo "2566"]

1.e4 c5 2.Nf3 e6 3.d4 cxd4 4.Nxd4 Nc6 5.Nc3 Qc7 6.Be2 a6 7.O-O Nf6 8.Be3 Be7
9.f4 d6 10.Qe1 O-O 11.Qg3 Nxd4 12.Bxd4 b5 13.a3 Bb7 14.Kh1 Bc6 15.Rae1 Qb7
16.Bd3 b4 17.axb4 Qxb4 18.Ne2 Qb7 19.e5 Nh5 20.Qh3 g6 21.Ng3 Nxg3+ 22.hxg3 Rad8
23.g4 dxe5 24.Bxe5 Rd5 25.g5 Rxe5 26.Rxe5 Qxb2 27.Rxe6 Bd7 28.Rxg6+ hxg6
29.Qxd7 Qh8+ 30.Qh3 Qxh3+ 31.gxh3 a5 32.Ra1 Bb4 33.Kg2 Kg7 34.h4 Rh8 35.Kg3 Bc3
36.Ra4 Be1+ 37.Kf3 Rxh4 38.Re4 Bb4 39.f5 Rh3+ 40.Kg4 gxf5+ 41.Kxh3 fxe4 42.Bxe4 a4
43.Kg4 a3 44.Bd5 Kg6 45.Be4+ Kg7 46.Bd5  1/2-1/2

[Event "Open"]
[Site "Bad Woerishofen GER"]
[Date "2001.03.21"]
[Round "7"]
[White "Jenni,F"]
[Black "Nenashev,A"]
[Result "1/2-1/2"]
[WhiteElo "2493"]
[BlackElo "2649"]

1.e4 c5 2.Nf3 e6 3.d4 cxd4 4.Nxd4 Nc6 5.Nc3 Qc7 6.Be2 a6 7.O-O b5 8.Nxc6 Qxc6
9.Bf3 Bb7 10.Bf4 Rd8 11.Qe2 Ne7 12.Rfd1 Ng6 13.Bg3 Qc5 14.e5 Bxf3 15.Qxf3 Nxe5
16.Qe2 f6 17.Re1 Nf7 18.Rad1 Qc4 19.Nd5 Bc5 20.Nc7+ Ke7 21.Qf3 h5 22.Qb7 h4
23.Nxe6 hxg3 24.Rxd7+ Rxd7 25.Nxc5+ Kf8 26.Nxd7+ Kg8 27.hxg3 Qd4 28.c3 Qd6
29.Qb8+ Kh7 30.Qxd6 Nxd6 31.Re6 Nc4 32.b3 Nd2 33.Nc5 Rc8 34.b4 a5 35.Re2 Nb1
36.Ne4 Nxc3 37.Nxc3 Rxc3 38.bxa5 Ra3 39.Rb2 Rxa5 40.f3 Kg6 41.Kf2 Kf5 42.g4+ Kf4
43.Re2 Ra3 44.g3+ Kg5 45.Rb2 b4 46.Kg2 Rc3 47.Rxb4 Rc2+ 48.Kh3 Rxa2 49.Rb5+ Kh6
50.Rh5+ Kg6 51.f4 Kf7 52.Rb5 g6 53.f5 g5 54.Rb7+ Kf8 55.Rf7+  1/2-1/2

[Event "World Cup of Rapid Chess Gp B"]
[Site "Cannes FRA"]
[Date "2001.03.21"]
[Round "2"]
[White "Hamdouchi,H"]
[Black "Kasimdzhanov,R"]
[Result "0-1"]
[WhiteElo "2535"]
[BlackElo "2693"]

1.e4 c5 2.Nf3 e6 3.d4 cxd4 4.Nxd4 Nc6 5.Nc3 Qc7 6.Be3 a6 7.Bd3 b5 8.Nxc6 Qxc6
9.O-O Bb7 10.Qe2 b4 11.Nd1 Nf6 12.f3 Bd6 13.Bd4 O-O 14.e5 Bc5 15.Bxc5 Qxc5+
16.Qe3 Qxe3+ 17.Nxe3 Nd5 18.Nxd5 Bxd5 19.a3 a5 20.axb4 axb4 21.Kf2 f6 22.exf6 gxf6
23.Ke3 Kf7 24.Rfd1 Ke7 25.Rxa8 Rxa8 26.Bxh7 Rh8 27.Be4 Bxe4 28.Kxe4 Rxh2
29.Rd2 d5+ 30.Ke3 Kd6 31.c4 bxc3 32.bxc3 Kc5 33.Kd3 e5 34.Re2 Rh1 35.Ra2 Rd1+
36.Ke2 Rg1 37.Kd3 f5 38.Ra5+ Kd6 39.Ra6+ Ke7 40.Rg6 Kf7 41.Rg5 Kf6 42.Rg8 Rd1+
43.Ke2 Rc1 44.Kd2 Ra1 45.Kd3 Ra3 46.Kd2 Ra2+ 47.Kd3 e4+ 48.fxe4 fxe4+ 49.Ke3 Rc2
50.Kd4 Rd2+ 51.Kc5 e3 52.Re8 e2 53.Re3 Kf5 54.g3 Kg4 55.Kd6 Kh3 56.Kc5 Kg2
57.Rxe2+ Rxe2 58.Kxd5 Kxg3 59.c4 Kf4 60.c5 Kf5 61.Kd6 Rd2+ 62.Ke7 Rc2 63.Kd6 Kf6
64.c6 Rd2+ 65.Kc7 Ke5  0-1

[Event "World Cup of Rapid Chess Gp A"]
[Site "Cannes FRA"]
[Date "2001.03.22"]
[Round "6"]
[White "Kasparov,G"]
[Black "Svidler,P"]
[Result "1/2-1/2"]
[WhiteElo "2849"]
[BlackElo "2695"]

1.e4 c5 2.Nf3 Nc6 3.Nc3 e6 4.d4 cxd4 5.Nxd4 d6 6.g4 a6 7.Be3 Nge7 8.f4 b5
9.Nf3 b4 10.Na4 Rb8 11.Qd2 Bd7 12.b3 h5 13.g5 d5 14.Bd3 dxe4 15.Bxe4 Rb5
16.c4 bxc3 17.Nxc3 Rb8 18.Rd1 Nf5 19.Bxf5 exf5 20.g6 fxg6 21.Qg2 Bb4 22.Qxg6+ Kf8
23.Rd3 Qe8 24.Rg1 Qxg6 25.Rxg6 Ne7 26.Rgd6 Bxd6 27.Rxd6 Ke8 28.Ne5 Bc8 29.Bc5 Rb7
30.Nc4 Rd7 31.Rb6 Nd5 32.Nxd5 Rxd5 33.b4 Rh6 34.Rb8 Rc6 35.h4 Rcxc5 36.bxc5 Rxc5
37.Ne5 Ke7 38.Rb6 Rc1+ 39.Kd2 Ra1 40.Rg6 Rxa2+ 41.Kc3 Ra4 42.Rxg7+ Kd6 43.Nc4+ Ke6
44.Rg6+ Kf7 45.Rb6 Be6 46.Ne5+ Ke7 47.Ng6+ Kf7 48.Ne5+  1/2-1/2

[Event "ch-BUL Women"]
[Site "Plovdiv BUL"]
[Date "2001.03.23"]
[Round "4"]
[White "Velcheva,M"]
[Black "Djingarova,E"]
[Result "1/2-1/2"]
[WhiteElo "2273"]
[BlackElo "2235"]

1.e4 c5 2.Nf3 e6 3.d4 cxd4 4.Nxd4 Nc6 5.Nc3 Qc7 6.f4 Nxd4 7.Qxd4 a6 8.Be2 b5
9.Be3 Bb7 10.O-O-O Rc8 11.Rd2 Nf6 12.Bf3 Be7 13.g4 d5 14.g5 dxe4  1/2-1/2

[Event "17th Spring Festival"]
[Site "Budapest HUN"]
[Date "2001.03.24"]
[Round "9"]
[White "Vass,V"]
[Black "Wolloner,T"]
[Result "1-0"]
[WhiteElo "2158"]
[BlackElo "2310"]

1.e4 c5 2.Nf3 Nc6 3.d4 cxd4 4.Nxd4 e6 5.Nc3 Qc7 6.Be2 Nf6 7.O-O a6 8.Be3 Ne5
9.f4 Nc4 10.Bxc4 Qxc4 11.e5 Nd5 12.Nxd5 Qxd5 13.c3 b5 14.Qe2 Bb7 15.a4 b4
16.Rad1 Qe4 17.Nb3 bxc3 18.Rd4 Qc6 19.Rc4  1-0

[Event "17th Spring Festival"]
[Site "Budapest HUN"]
[Date "2001.03.24"]
[Round "9"]
[White "Organisciak,W"]
[Black "Somogyi,I"]
[Result "1-0"]
[WhiteElo "2114"]
[BlackElo "2253"]

1.e4 c5 2.Nf3 e6 3.Nc3 Nc6 4.d4 cxd4 5.Nxd4 Qc7 6.g3 a6 7.Be3 Nf6 8.Bg2 Be7
9.O-O d6 10.h3 Na5 11.g4 Rb8 12.a4 b6 13.g5 Nd7 14.f4 Nc4 15.Bc1 Bb7 16.f5 e5
17.Nb3 Nc5 18.Nd5 Bxd5 19.Qxd5 b5 20.axb5 axb5 21.g6 O-O 22.gxf7+ Rxf7 23.Nxc5 dxc5
24.Rd1 Nb6 25.Qe6 Kf8 26.Qa2 c4 27.Kh1 Bc5 28.Bg5 h6 29.Bh4 Rd7 30.Qa5 Qc6
31.Qe1 b4 32.b3 c3 33.Qe2 Rbb7 34.Qh5 Rd4 35.Rxd4 Rd7 36.Rf1 Be7 37.f6 Bxf6
38.Bxf6 gxf6 39.Qxh6+ Kf7 40.Qh7+ Kf8 41.Qh8+ Kf7 42.Bf3 Rd6 43.Rg1  1-0

[Event "Tch-NED"]
[Site "NED"]
[Date "2001.03.24"]
[Round "7"]
[White "Rowson,J"]
[Black "Tregubov,P"]
[Result "0-1"]
[WhiteElo "2489"]
[BlackElo "2628"]

1.e4 c5 2.Nc3 e6 3.Nf3 Nc6 4.d4 cxd4 5.Nxd4 Qc7 6.Be2 a6 7.O-O Nf6 8.Be3 Bb4
9.Na4 O-O 10.Nxc6 bxc6 11.Nb6 Rb8 12.Nxc8 Rfxc8 13.Bxa6 Rf8 14.Bd3 Bd6 15.f4 e5
16.b3 exf4 17.Bd4 f3 18.g3 Bxg3 19.Bxf6 gxf6 20.Rxf3 Bxh2+ 21.Kh1 Be5 22.Rh3 Rfe8
23.Qg4+ Kf8 24.Rg1 Ke7 25.Rxh7 Rh8 26.Qh5 Rxh7 27.Qxh7 f5 28.Rg8 Rxg8 29.Qxg8 fxe4
30.Bxe4 Qa5 31.Qg5+ f6 32.Qe3 Qxa2 33.Kg2 Qa5 34.Bd3 Kd6 35.Kf1 Kc7 36.Kg2 Bd6
37.Qf3 Qd2+ 38.Kf1 Be5 39.Bf5 Bd4 40.Bd3 Kb6 41.Bf5 d5 42.Bd3 Kc5 43.Bf5 Kb4
44.Bd3 Kc3 45.Bg6+ Kb2 46.Bd3 Kc1 47.Qe2 Qg5 48.Qe1+ Kb2 49.b4 Qg1+ 50.Ke2 Qg4+  0-1

[Event "56th ch-YUG"]
[Site "Herceg Novi YUG"]
[Date "2001.03.25"]
[Round "3"]
[White "Todorovic,GM"]
[Black "Tosic,M"]
[Result "1/2-1/2"]
[WhiteElo "2485"]
[BlackElo "2519"]

1.e4 c5 2.Nf3 e6 3.d4 cxd4 4.Nxd4 Nc6 5.Nc3 Qc7 6.Be2 a6 7.O-O Nf6 8.Be3 Be7
9.f4 d6 10.Kh1 O-O 11.Qe1 Bd7  1/2-1/2

[Event "Tch-NED"]
[Site "NED"]
[Date "2001.03.25"]
[Round "8"]
[White "Timmerman,G"]
[Black "Kabatianski,A"]
[Result "0-1"]
[WhiteElo "2321"]
[BlackElo "2446"]

1.e4 c5 2.Nf3 e6 3.d4 cxd4 4.Nxd4 Nc6 5.Nc3 Qc7 6.Nxc6 bxc6 7.Bd3 Nf6 8.O-O Be7
9.f4 d5 10.Kh1 Bb7 11.e5 Nd7 12.Na4 c5 13.c4 d4 14.b3 f5 15.exf6 Nxf6 16.Qe2 Qc6
17.Re1 Kf7 18.Nb2 Rhe8 19.Bc2 Bd6 20.Nd3 e5 21.fxe5 Bxe5 22.Qf1 Bc7 23.Bg5 Kg8
24.Bxf6 gxf6 25.Nf2 Kg7 26.Be4 Qd6 27.g3 Rxe4 28.Nxe4 Qe5 29.Qh3 f5 30.Kg1 Bxe4
31.Rad1 Re8 32.a3 Re6 33.Qf1 Rg6 34.Qe2 Rxg3+  0-1

[Event "TCh-ROM"]
[Site "Sovata ROM"]
[Date "2001.03.25"]
[Round "5"]
[White "Sasu Ducsoara,An"]
[Black "Shadrina,T"]
[Result "0-1"]
[WhiteElo "2244"]
[BlackElo "2330"]

1.e4 c5 2.Nf3 e6 3.d4 cxd4 4.Nxd4 Nc6 5.Nc3 a6 6.g3 Qc7 7.Bg2 Nf6 8.Nde2 Be7
9.h3 d6 10.a4 Rb8 11.O-O O-O 12.Be3 Rd8 13.g4 b6 14.g5 Nd7 15.f4 Bb7 16.Ng3 Na5
17.Qe2 Nc4 18.Bc1 Rbc8 19.Kh2 Re8 20.Qf2 Qc5 21.b3 Qxf2 22.Rxf2 Na5 23.Bb2 Rc7
24.h4 Rec8 25.Nge2 Nc6 26.Rd1 Nb4 27.Rd2 h6 28.Bh3 Nc5 29.Ba3 a5 30.Bg2 Nd7
31.Bb2 Ba6 32.Rf3 hxg5 33.fxg5 d5 34.exd5 exd5 35.Kh1 Bd6 36.Nf4 Bxf4 37.Rxf4 Rxc3
38.Bxc3 Rxc3 39.Rdf2 Ne5 40.Rf5 Re3 41.Rd2 Ng4 42.Bf3 Re1+ 43.Kg2 Ne3+ 44.Kf2 Nbxc2
45.Re5 Rf1+ 46.Kg3 Rb1 47.Rxc2 Nxc2 48.Re8+ Kh7 49.Bxd5 Re1 50.Ra8 Re7 51.g6+ fxg6
52.Bg8+ Kh6 53.Bc4 g5 54.hxg5+ Kxg5 55.Rxa6 Rb7 56.Ra8 Ne3 57.Rc8 Nf5+ 58.Kf3 Rd7
59.Rf8 Rd4 60.Rb8 Rf4+ 61.Ke2 Ng3+ 62.Ke3 Rf6 63.Bg8 Kg4 64.Kd4 Kf4 65.Kd5 Ne4
66.b4 axb4 67.Kc4 Nc5 68.Kxb4  0-1

[Event "54th ch-YUG Women"]
[Site "Herceg Novi YUG"]
[Date "2001.03.26"]
[Round "4"]
[White "Dimitrijevic,A"]
[Black "Urosevic,M"]
[Result "1-0"]
[WhiteElo "2115"]
[BlackElo "2069"]

1.e4 c5 2.Nf3 e6 3.d4 cxd4 4.Nxd4 Nc6 5.Nc3 Qc7 6.Be3 a6 7.f4 b5 8.e5 Bb7
9.a3 Nxd4 10.Bxd4 Ne7 11.Qd2 Nf5 12.Bf2 Bc5 13.Bd3 Bxf2+ 14.Qxf2 Rc8 15.O-O-O Qc5
16.Qxc5 Rxc5 17.Be4 Bxe4 18.Nxe4 Rc7 19.Rd3 O-O 20.Rhd1 Rd8 21.g3 Kf8 22.b3 Ke8
23.Kb2 Ne7 24.Rd6 Rc6 25.Rxc6 Nxc6 26.Nc5 a5 27.Rd6 Ke7 28.Nb7 Rb8 29.Nc5 Rd8
30.Nxd7 Nxe5 31.fxe5 Rxd7 32.Ra6 a4 33.bxa4 bxa4 34.Rxa4 Rd5 35.Ra7+ Ke8
36.a4 Rxe5 37.a5 Rc5 38.a6 Ra5 39.c4 e5 40.Kc3 f5 41.Rxg7 Rxa6 42.Rxh7 Rf6
43.c5 Kd8 44.Kd3 f4 45.gxf4 exf4 46.Ke2 f3+ 47.Kf2 Rc6 48.Rh5 Rf6 49.h4 Kd7
50.Re5 Rh6 51.h5 Rf6 52.Rg5 Ke7 53.Rg7+ Ke8 54.Rg6 Rf5 55.h6 Kf7 56.h7 Rh5
57.Rc6 Kg7 58.Rc7+ Kh8 59.c6 Rc5 60.Rc8+ Kxh7 61.Kxf3 Kg7 62.Ke4 Kf7 63.Kd4 Rc1
64.Kd5 Ke7 65.Rh8 Rd1+ 66.Kc5 Rc1+ 67.Kb6 Rb1+ 68.Kc7 Rc1 69.Rh4 Ke6 70.Rd4 Rc2
71.Kb7 Rb2+ 72.Kc8 Rc2 73.c7 Rc1 74.Kd8  1-0

[Event "ch-UKR Women"]
[Site "Kramatorsk UKR"]
[Date "2001.03.26"]
[Round "1"]
[White "Zdebskaja,N"]
[Black "Alexandrova,O"]
[Result "0-1"]
[WhiteElo "2172"]
[BlackElo "2425"]

1.e4 c5 2.Nf3 Nc6 3.d4 cxd4 4.Nxd4 e6 5.Nc3 Qc7 6.g3 a6 7.Bg2 Nf6 8.O-O Bc5
9.Nxc6 dxc6 10.Na4 Be7 11.c4 b5 12.e5 Nd7 13.cxb5 axb5 14.Nc3 Ba6 15.Re1 O-O
16.f4 Rad8 17.Qg4 Nc5 18.Ne4 Nxe4 19.Bxe4 g6 20.Be3 c5 21.Qf3 c4 22.g4 Bc5
23.Qf2 Bxe3 24.Rxe3 Rd4 25.Rae1 Rfd8 26.R1e2 b4 27.Rc2 Bb7 28.Bxb7 Qxb7 29.h3 Qd5
30.f5 Rd1+ 31.Kh2 exf5 32.Qg2 Qd4 33.Rce2 Rd3 34.Rf3 f4 35.g5 Re8 36.Rxd3 cxd3
37.Re4 Qd5 38.Re1 f3 39.Qg3 d2 40.Rd1 Rxe5  0-1

[Event "ch-UKR Women"]
[Site "Kramatorsk UKR"]
[Date "2001.03.26"]
[Round "1"]
[White "Lahno,Kateri"]
[Black "Melamed,T"]
[Result "1/2-1/2"]
[WhiteElo "2185"]
[BlackElo "2292"]

1.e4 c5 2.Nf3 e6 3.d4 cxd4 4.Nxd4 Nc6 5.Nc3 Qc7 6.Ndb5 Qb8 7.Be3 a6 8.Bb6 axb5
9.Nxb5 Bb4+ 10.c3 Ba5 11.Nc7+ Kf8 12.Nxa8 Qxa8 13.Qd6+ Nge7 14.Qa3 f5 15.Bb5 Kf7
16.b4 fxe4 17.bxa5 Nd5 18.Qc5 Nxa5 19.O-O Nc6 20.Rfd1 d6 21.Qxd6 Nxb6 22.Qc7+ Nd7
23.Rxd7+ Bxd7 24.Qxd7+ Ne7 25.Bc4 Qc8 26.Bxe6+ Kf6 27.Rb1 Qxd7 28.Bxd7 Ra8
29.a4 Nc6 30.Bxc6 bxc6 31.Rb4 Ke5 32.Kf1 c5 33.Rb7 g5 34.Rxh7 Rxa4 35.Re7+ Kf5
36.Rh7 Rc4 37.Rh3 Ra4 38.Re3 Ra2 39.Re2 Ra1+ 40.Re1 Ra2 41.Re2 Ra1+ 42.Re1 Ra2
43.Re2 Ra1+  1/2-1/2

[Event "Wotulo Mem"]
[Site "Jakarta INA"]
[Date "2001.03.27"]
[Round "6"]
[White "Majella,Y"]
[Black "Johansen,D"]
[Result "0-1"]
[WhiteElo "2321"]
[BlackElo "2520"]

1.e4 c5 2.Nf3 Nc6 3.d4 cxd4 4.Nxd4 e6 5.Nc3 a6 6.Be2 Nge7 7.Nb3 Qc7 8.O-O b5
9.Bxb5 Ng6 10.Be2 Bd6 11.g3 O-O 12.Be3 Bb4 13.Na4 Be7 14.c4 Rb8 15.Rc1 f5
16.exf5 Rxf5 17.Bd3 Rf7 18.f4 Nb4 19.Bb1 Qc6 20.Nac5 d6 21.Ne4 Nxa2 22.Nd4 Qa8
23.Rc2 Nb4 24.Rcf2 Bb7 25.Ng5 Bxg5 26.fxg5 Rxf2 27.Rxf2 Re8 28.Qg4 Qc8 29.Qh5 Qxc4
30.Bxg6 hxg6 31.Qxg6 Qd5 32.Rf3 Nc2 33.Nf5 exf5  0-1

[Event "ch-UKR Women"]
[Site "Kramatorsk UKR"]
[Date "2001.03.28"]
[Round "3"]
[White "Zatonskih,A"]
[Black "Alexandrova,O"]
[Result "1-0"]
[WhiteElo "2432"]
[BlackElo "2425"]

1.e4 c5 2.Nf3 Nc6 3.d4 cxd4 4.Nxd4 e6 5.Nc3 Qc7 6.g3 a6 7.Bg2 Nf6 8.O-O Nxd4
9.Qxd4 Bc5 10.Bf4 d6 11.Qd2 h6 12.Rad1 e5 13.Be3 Be6 14.Bxc5 dxc5 15.Nd5 Bxd5
16.exd5 Qd6 17.f4 O-O 18.fxe5 Qxe5 19.d6 Qxb2 20.c4 Qxd2 21.Rxd2 Rab8 22.a4 Rfd8
23.Rb1 b6 24.Re1 Kf8 25.Bc6 Rbc8 26.Bb7 Rb8 27.Bxa6 Nd7 28.Bb5 f6 29.Rf2 Kg8
30.Re7 Ne5 31.d7 Rf8 32.Kg2 Rf7 33.Re8+ Rf8 34.Re6 Rb7 35.Rxe5  1-0